Central Library OPAC University of Rajshahi

Road Transport Management : (Record no. 51559)

MARC details
000 -LEADER
fixed length control field 00753cam a2200241 i 4500
001 - CONTROL NUMBER
control field 51559
003 - CONTROL NUMBER IDENTIFIER
rucl marc code BD-RjUL
005 - DATE AND TIME OF LATEST TRANSACTION
control field 20211209075659.0
008 - FIXED-LENGTH DATA ELEMENTS--GENERAL INFORMATION
fixed length control field 160831s1979 enka b 001 0 eng
035 ## - SYSTEM CONTROL NUMBER
System control number (BD-RjUL)51679
040 ## - CATALOGING SOURCE
Original cataloging agency DLC
Transcribing agency DLC
Modifying agency DLC
Language of cataloging eng
041 ## - LANGUAGE CODE
Language code of text/sound track or separate title eng
082 00 - DEWEY DECIMAL CLASSIFICATION NUMBER
Classification number 388.31
Edition number 23
Author mark and year KAR 1979
100 1# - MAIN ENTRY--PERSONAL NAME
Personal name Kallanparampil, Babu Varghese
9 (RLIN) 154112
245 10 - TITLE STATEMENT
Title Road Transport Management :
Remainder of title Systems and Procedures /
Statement of responsibility, etc. Babu Varghese Kallanparampil and Suraj Prakash Manchanda
260 ## - PUBLICATION, DISTRIBUTION, ETC. (IMPRINT)
Place of publication, distribution, etc. London :
Name of publisher, distributor, etc. Heinemann,
Date of publication, distribution, etc. 1979
300 ## - PHYSICAL DESCRIPTION
Pagination xx, 120 p. :
Illustrations ill. ;
Size 22 cm.
500 ## - GENERAL NOTE
General note Includes index.
650 ## - SUBJECT ADDED ENTRY--TOPICAL TERM
Topical term or geographic name as entry element Road Transportation
9 (RLIN) 154113
700 ## - ADDED ENTRY--PERSONAL NAME
Personal name Manchanda, Suraj Prakash
942 ## - ADDED ENTRY ELEMENTS (KOHA)
Source of classification or shelving scheme Dewey Decimal Classification
Koha item type Books
Holdings
Lost status Source of classification or shelving scheme Damaged status Not for loan Collection code Permanent Location Current Location Shelving location Date acquired Source of acquisition Cost, normal purchase price Total Checkouts Full call number Date last seen Copy number Koha item type
  Dewey Decimal Classification     Non-fiction Central Library, University of Rajshahi Central Library, University of Rajshahi   05/05/1988 Tulip ent. 30.00   388.31 KAR 1979 31/08/2016 C-2 Books
  Dewey Decimal Classification     Non-fiction Central Library, University of Rajshahi Central Library, University of Rajshahi   05/05/1985 Tulip 30.00   388.31 KAR 1979 27/09/2016 C-3 Books
  Dewey Decimal Classification   Not For Loan Non-fiction Central Library, University of Rajshahi Central Library, University of Rajshahi Reading Room 05/05/1985 Topper Tulip 30.00   388.31 KAR 1979 30/01/2017 C-1 Books